书目信息 |
| 题名: |
乡镇图书馆工作
|
|
| 作者: | 卢子博 主编 | |
| 分册: | ||
| 出版信息: | 北京 北京图书馆出版社 2000 |
|
| 页数: | 198页 | |
| 开本: | 20cm | |
| 丛书名: | ||
| 单 册: | ||
| 中图分类: | G258.23 | |
| 科图分类: | ||
| 主题词: | 乡镇图书馆 | |
| 电子资源: | ||
| ISBN: | 7-5013-1702-X | |
| 000 | 00603nam0 2200217 450 | |
| 001 | 0541039359 | |
| 005 | 20051102103510.76 | |
| 010 | @a7-5013-1702-X@dCNY10.00 | |
| 092 | @aCN | |
| 100 | @a20051027d2000 km y0chiy0120 ea | |
| 101 | 0 | @achi |
| 102 | @aCN@b110000 | |
| 200 | 1 | @a乡镇图书馆工作@Axiang zhen tu shu guan gong zuo@f卢子博主编@Flu zi bo zhu bian |
| 210 | @a北京@c北京图书馆出版社@d2000 | |
| 215 | 1 | @a198页@d20cm |
| 300 | @a图书馆岗位培训教材 | |
| 606 | 0 | @a乡镇图书馆 |
| 690 | @aG258.23@v4 | |
| 701 | 0 | @a卢子博@Alu zi bo@4主编 |
| 801 | 0 | @aCN@bPFT@c20051102 |
| 905 | @a10447@dG258.23@e17 | |
| 乡镇图书馆工作/卢子博主编.-北京:北京图书馆出版社,2000 |
| 198页;20cm |
| 图书馆岗位培训教材 |
| ISBN 7-5013-1702-X:CNY10.00 |
| ● |
| 相关链接 |
|
|
|
|
正题名:乡镇图书馆工作
索取号:G258.23/17
 
预约/预借
| 序号 | 登录号 | 条形码 | 馆藏地/架位号 | 状态 | 备注 |
| 1 | 0336992 | 203369924 | 第一样本阅览室/ [索取号:G258.23/17] | 在馆 |